Union budget 2025-26: Some reflections (Record no. 529872)

000 -LEADER
fixed length control field 00342nam a22001217a 4500
008 - FIXED-LENGTH DATA ELEMENTS--GENERAL INFORMATION
fixed length control field 250513b ||||| |||| 00| 0 eng d
100 ## - MAIN ENTRY--PERSONAL NAME
Personal name Gupta, Krishna kumar
245 ## - TITLE STATEMENT
Title Union budget 2025-26: Some reflections
260 ## - PUBLICATION, DISTRIBUTION, ETC. (IMPRINT)
Place of publication, distribution, etc The Cooperative
300 ## - PHYSICAL DESCRIPTION
Extent 62(8), Feb, 2025: p.15-19
773 ## - HOST ITEM ENTRY
Main entry heading The Cooperative
942 ## - ADDED ENTRY ELEMENTS (KOHA)
Item type Articles
Holdings
Withdrawn status Lost status Source of classification or shelving scheme Damaged status Not for loan Permanent location Current location Date acquired Serial Enumeration / chronology Barcode Date last seen Koha item type
          Indian Institute of Public Administration Indian Institute of Public Administration 2025-05-13 62(8), Feb, 2025: p.15-19 AR135703 2025-05-13 Articles

Powered by Koha